LEADER 00868nam a2200193 i 4500 001 000000233451 003 CaOOAMICUS 005 20140919000000.0 008 140919s1821 it u000 u ita u 013 $a212354 026 $aD.ne i.,e i.ti iltr (3) 1821 (A) 040 $aSeMil$bita 245 10$aTomo 13. 300 $a291, [1] p. 500 $aContiene : Libro de' proverbi, Libro dell'Ecclesiaste, Libro della sapienza. 773 0 $aBibbia$tVecchio Testamento secondo la volgata tradotto in lingua italiana e con annotazioni dichiarato dall'illust. e rever. monsig. Antonio Martini arcivescovo di Firenze ec. ec. Tomo 1.[-20.].$dVenezia : Dalla Tipografia di Girolamo Tasso, 1821-1822.$g13$w()30561 850 $aSeMil 852 $aSeMil$W1$xVenegono$y1$m2Y II 49 FA$j183797$B183797$CSeMilBibl$Z2$F194529 $8I 996 $6245$aTomo 13.$9(OLS)http://semarc/title/194453 LEADER 01578nam a2200265 i 4500 001 000000155708 003 CaOOAMICUS 005 20260409092654.0 008 061117n it u000 u ita u 013 $a133062 040 $aSeMil$bita 245 13$aIl Pentateuco (parte 2.) ; I libri storici (parte 1.) 300 $a701 p. 505 0 $aContiene: Levitico ; Numeri ; Deuteronomio ; Giosuč ; Giudici ; Rut 650 4$aBibbia. Antico Testamento. Giosuč - Commentari, studi, critica, interpretazioni.$0(OLS)http://semarc/subject/4841 650 4$aBibbia. Antico Testamento. Levitico - Commentari, studi, critica, interpretazioni.$0(OLS)http://semarc/subject/2771 650 4$aBibbia. Antico Testamento. Numeri - Commentari, studi, critica, interpretazioni.$0(OLS)http://semarc/subject/11065 650 4$aBibbia. Antico Testamento. Rut - Commentari, studi, critica, interpretazioni.$0(OLS)http://semarc/subject/6673 650 4$aBibbia. Antico Testamento. Deuteronomio - Commentari, studi, critica, interpretazioni.$0(OLS)http://semarc/subject/2785 650 4$aBibbia. Antico testamento. Giudici - Commentari, studi, critica, interpretazioni.$0(OLS)http://semarc/subject/8800 773 0 $tBibbia di Gerusalemme.$bEd. Speciale per il Corriere della Sera.$dMilano : RCS Quotidiani, copyr. 2006.$g2$w()16865 850 $aSeMil 852 $aSeMil$W1$xVenegono$y1$m2VA VII 118$j269303$B107536$CSeMilBibl$Z2$F118307 $81 996 $6245$aIl Pentateuco (parte 2.) ; I libri storici (parte 1.)$9(OLS)http://semarc/title/228079